[Event "Mineiro-ch qual"]
[Site "Belo Horizonte"]
[Date "2012.10.16"]
[Round "5"]
[White "Davi de Almeida, Stefano"]
[Black "Esteves, Igor Silva Mota"]
[Result "0-1"]
[WhiteElo "1768"]
[BlackElo "1929"]
[PlyCount "42"]
[EventDate "2012.10.12"]
[EventType "swiss"]
[EventRounds "5"]
[EventCountry "BRA"]
[SourceTitle "EXT 2015"]
[Source "ChessBase"]
[SourceDate "2014.11.20"]
[SourceVersion "1"]
[SourceVersionDate "2014.11.20"]
[SourceQuality "1"]

1. e4 c5 2. Nf3 d6 3. d4 cxd4 4. Nxd4 Nf6 5. Nc3 a6 6. Bg5 e6 7. f4 Be7 8. Qf3 Qc7 9. 0-0-0 h6 10. Bh4 Nc6 11. Nb3 b5 12. a3 Bb7 13. Bd3 b4 14. axb4 Nxb4 15. Rhe1 Nxd3+ 16. Rxd3 Rc8 17. f5 Nxe4 18. Bxe7 Nxc3 19. Bxd6 Na2+ 20. Kb1 Qxc2+ 21. Kxa2 Bxf3 0-1

[Event "Mineiro-ch qual"]
[Site "Belo Horizonte"]
[Date "2012.10.13"]
[Round "2"]
[White "Melo Reda, Caique"]
[Black "Davi de Almeida, Stefano"]
[Result "1-0"]
[WhiteElo "1891"]
[BlackElo "1768"]
[PlyCount "39"]
[EventDate "2012.10.12"]
[EventType "swiss"]
[EventRounds "5"]
[EventCountry "BRA"]
[SourceTitle "EXT 2015"]
[Source "ChessBase"]
[SourceDate "2014.11.20"]
[SourceVersion "1"]
[SourceVersionDate "2014.11.20"]
[SourceQuality "1"]

1. e4 e5 2. Nf3 Nc6 3. Bb5 a6 4. Ba4 Nf6 5. 0-0 b5 6. Bb3 Bb7 7. Re1 Bd6 8. c3 0-0 9. d4 h6 10. Bc2 Re8 11. Nbd2 Bf8 12. Nxe5 Nxe5 13. dxe5 Rxe5 14. f4 Bc5+ 15. Kh1 Re7 16. e5 Ne8 17. Nb3 Bb6 18. Qd3 d6 19. Qh7+ Kf8 20. Qh8# 1-0